| 000 | 00000cam 2200000zi 4500 |
| 001 | 9.925713 |
| 003 | CaOODSP |
| 005 | 20260501083803 |
| 006 | m o d f |
| 007 | cr cn||||||||| |
| 008 | 230731t20232023oncd ob f00| 0 fre d |
| 020 | |a9780660497341 |
| 040 | |aCaOODSP|bfre|cCaOODSP|erda |
| 043 | |an-cn--- |
| 086 | 1 |aPS104-20/2023F-PDF |
| 100 | 1 |aZinger, Ivan, |eauteur. |
| 245 | 10|aDix ans depuis Une question de spiritualité : |bune feuille de route pour la réforme du système correctionnel canadien pour Autochtones / |cIvan Zinger. |
| 264 | 1|a[Ottawa] : |bBureau de l'enquêteur correctionnel = Office of the Correctional Investigator, |c2023. |
| 264 | 4|c©2023 |
| 300 | |a1 ressource en ligne (187 pages) : |bgraphiques |
| 336 | |atexte|btxt|2rdacontent/fre |
| 337 | |ainformatique|bc|2rdamedia/fre |
| 338 | |aressource en ligne|bcr|2rdacarrier/fre |
| 500 | |aPublié aussi en anglais sous le titre : Ten years since Spirit Matters: a roadmap for the reform of Indigenous corrections in Canada. |
| 504 | |aComprend des références bibliographiques (pages 181-187). |
| 650 | 6|aPeuples autochtones|xSystème pénal|zCanada. |
| 650 | 6|aJustice peĢnale|xAdministration|zCanada. |
| 650 | 6|aRacisme dans l'administration de la justice pénale|zCanada|xPrévention. |
| 710 | 1 |aCanada. |bBureau de l'Enquêteur correctionnel, |eorganisme de publication. |
| 775 | 08|tTen years since Spirit Matters : |w(CaOODSP)9.925711 |
| 776 | 0#|tDix ans depuis une question de spiritualité : |w(CaOODSP)9.925714 |
| 856 | 40|qPDF|s1.91 Mo|uhttps://publications.gc.ca/collections/collection_2024/bec-oci/PS104-20-2023-fra.pdf |